[Event "euyr2018"]
[Site "?"]
[Date "2018.05.26"]
[Round "6.1"]
[White "Antal, Jakub"]
[Black "Sahidi, Samir"]
[Result "0-1"]
[BlackElo "2307"]
[WhiteElo "1568"]
[LiveChessVersion "1.4.8"]

1. e4 {[%clk 0:20:13]} c6 {[%clk 0:20:02]} 2. c4 {[%clk 0:19:33]} d5
{[%clk 0:20:07]} 3. cxd5 {[%clk 0:19:40]} cxd5 {[%clk 0:20:15]} 4. exd5
{[%clk 0:19:49]} Nf6 {[%clk 0:20:18]} 5. d4 {[%clk 0:19:08]} Nxd5
{[%clk 0:20:07]} 6. Nc3 {[%clk 0:18:31]} Nc6 {[%clk 0:19:37]} 7. Nf3
{[%clk 0:17:07]} Bf5 {[%clk 0:17:23]} 8. Bd3 {[%clk 0:14:59]} Bxd3
{[%clk 0:17:08]} 9. Qxd3 {[%clk 0:15:06]} e6 {[%clk 0:15:25]} 10. a3
{[%clk 0:14:29]} Be7 {[%clk 0:15:14]} 11. O-O {[%clk 0:12:42]} O-O
{[%clk 0:14:34]} 12. Ne4 {[%clk 0:09:04]} Nf6 {[%clk 0:14:00]} 13. Nfg5
{[%clk 0:05:52]} Nxe4 {[%clk 0:13:41]} 14. Nxe4 {[%clk 0:05:51]} Nxd4
{[%clk 0:13:02]} 15. Rd1 {[%clk 0:05:07]} Nf5 {[%clk 0:12:47]} 16. Qf3
{[%clk 0:04:49]} Qb6 {[%clk 0:12:00]} 17. Bf4 {[%clk 0:03:11]} Rad8
{[%clk 0:10:59]} 18. Rdc1 {[%clk 0:02:17]} Nd4 {[%clk 0:10:36]} 19. Qe3
{[%clk 0:00:57]} Nb3 {[%clk 0:10:32]} 20. Qxb6 {[%clk 0:00:34]} axb6
{[%clk 0:10:25]} 21. Rab1 {[%clk 0:00:16]} Nxc1 {[%clk 0:10:31]} 22. Rxc1
{[%clk 0:00:24]} Rd4 {[%clk 0:09:53]} 23. f3 {[%clk 0:00:11]} f5 {[%clk 0:09:24]}
24. Bg5 {[%clk 0:00:17]} Bxg5 {[%clk 0:09:03]} 25. Nxg5 {[%clk 0:00:27]} Rfd8
{[%clk 0:09:00]} 26. Kf2 {[%clk 0:00:13]} Re8 {[%clk 0:08:35]} 27. Ke3
{[%clk 0:00:11]} Rd7 {[%clk 0:08:34]} 28. Rc3 {[%clk 0:00:11]} h6
{[%clk 0:08:37]} 29. Nh3 {[%clk 0:00:20]} e5 {[%clk 0:08:44]} 30. Nf2
{[%clk 0:00:12]} Kh7 {[%clk 0:08:35]} 31. Rb3 {[%clk 0:00:14]} Re6
{[%clk 0:08:41]} 32. g4 {[%clk 0:00:14]} fxg4 {[%clk 0:08:26]} 33. Nxg4
{[%clk 0:00:23]} Rc7 {[%clk 0:08:15]} 34. Nf2 {[%clk 0:00:12]} Rc1
{[%clk 0:07:34]} 35. Kd2 {[%clk 0:00:11]} Rec6 {[%clk 0:07:15]} 36. Ne4
{[%clk 0:00:11]} R1c2+ {[%clk 0:07:16]} 37. Ke3 {[%clk 0:00:18]} Rxh2
{[%clk 0:07:23]} 38. Kd3 {[%clk 0:00:11]} Rg2 {[%clk 0:07:12]} 39. Rb5
{[%clk 0:00:12]} Re6 {[%clk 0:07:17]} 40. b4 {[%clk 0:00:00]} 0-1

[Event "euyr2018"]
[Site "?"]
[Date "2018.05.26"]
[Round "6.2"]
[White "Pniaczek, Marek"]
[Black "Sandor, Martin"]
[Result "1/2-1/2"]
[BlackElo "1711"]
[WhiteElo "1701"]
[LiveChessVersion "1.4.8"]

1. e4 {[%clk 0:20:19]} c5 {[%clk 0:20:19]} 2. Nf3 {[%clk 0:20:28]} d6
{[%clk 0:20:29]} 3. d4 {[%clk 0:20:37]} cxd4 {[%clk 0:20:38]} 4. Qxd4
{[%clk 0:20:46]} Nc6 {[%clk 0:20:45]} 5. Qe3 {[%clk 0:20:52]} Nf6
{[%clk 0:20:35]} 6. c4 {[%clk 0:20:53]} g6 {[%clk 0:20:13]} 7. Nc3
{[%clk 0:20:47]} Bg7 {[%clk 0:20:21]} 8. h3 {[%clk 0:20:51]} O-O {[%clk 0:20:10]}
9. Be2 {[%clk 0:21:00]} Be6 {[%clk 0:19:22]} 10. O-O {[%clk 0:21:05]} Rc8
{[%clk 0:19:26]} 11. Rb1 {[%clk 0:20:30]} a5 {[%clk 0:19:07]} 12. Rd1
{[%clk 0:20:25]} Qc7 {[%clk 0:18:54]} 13. b3 {[%clk 0:20:11]} Nd7
{[%clk 0:17:34]} 14. Bb2 {[%clk 0:19:14]} Nde5 {[%clk 0:16:43]} 15. Nd5
{[%clk 0:13:51]} Bxd5 {[%clk 0:16:08]} 16. exd5 {[%clk 0:13:58]} Nxf3+
{[%clk 0:16:05]} 17. Bxf3 {[%clk 0:13:51]} Ne5 {[%clk 0:16:05]} 18. Be2
{[%clk 0:13:49]} Bf6 {[%clk 0:15:32]} 19. f4 {[%clk 0:13:32]} Nd7
{[%clk 0:15:40]} 20. Bg4 {[%clk 0:13:33]} Rce8 {[%clk 0:14:10]} 21. Re1
{[%clk 0:11:46]} Bxb2 {[%clk 0:14:15]} 22. Rxb2 {[%clk 0:09:35]} Nf6
{[%clk 0:14:08]} 23. Bf3 {[%clk 0:08:32]} Nd7 {[%clk 0:13:15]} 24. Rbe2
{[%clk 0:08:21]} Nc5 {[%clk 0:12:37]} 25. h4 {[%clk 0:07:26]} a4 {[%clk 0:11:02]}
26. h5 {[%clk 0:06:37]} Nd7 {[%clk 0:07:47]} 27. Qd4 {[%clk 0:05:51]} Nb6
{[%clk 0:05:24]} 28. f5 {[%clk 0:05:17]} gxf5 {[%clk 0:05:14]} 29. Qf4
{[%clk 0:04:14]} f6 {[%clk 0:04:29]} 30. Qxf5 {[%clk 0:03:50]} Qc5+
{[%clk 0:03:38]} 31. Kh1 {[%clk 0:03:40]} Nc8 {[%clk 0:03:37]} 32. Re4
{[%clk 0:02:35]} Kh8 {[%clk 0:02:03]} 33. Rg4 {[%clk 0:01:59]} Qf2
{[%clk 0:01:06]} 34. Re2 {[%clk 0:01:57]} Qf1+ {[%clk 0:01:15]} 35. Kh2
{[%clk 0:02:06]} Rg8 {[%clk 0:01:12]} 36. Rxg8+ {[%clk 0:01:19]} Rxg8
{[%clk 0:01:21]} 37. Be4 {[%clk 0:00:45]} Qxf5 {[%clk 0:01:30]} 38. Bxf5
{[%clk 0:00:54]} e5 {[%clk 0:00:37]} 39. dxe6 {[%clk 0:00:59]} Ne7
{[%clk 0:00:47]} 40. Be4 {[%clk 0:01:02]} b6 {[%clk 0:00:31]} 41. Rd2
{[%clk 0:01:06]} axb3 42. axb3 {[%clk 0:01:15]} Rd8 {[%clk 0:00:33]} 43. b4
{[%clk 0:01:16]} f5 {[%clk 0:00:36]} 44. Bf3 {[%clk 0:01:17]} Kg7
{[%clk 0:00:30]} 45. g4 {[%clk 0:00:31]} Kf6 {[%clk 0:00:25]} 46. gxf5
{[%clk 0:00:37]} Kxf5 {[%clk 0:00:23]} 47. Bd5 {[%clk 0:00:21]} b5
{[%clk 0:00:15]} 48. cxb5 {[%clk 0:00:16]} Nxd5 {[%clk 0:00:24]} 49. Rxd5+
{[%clk 0:00:25]} Kxe6 {[%clk 0:00:33]} 50. Rg5 {[%clk 0:00:19]} Rb8
{[%clk 0:00:41]} 51. Kg3 {[%clk 0:00:16]} d5 {[%clk 0:00:50]} 52. Rg7
{[%clk 0:00:24]} Rxb5 {[%clk 0:00:58]} 53. Rxh7 {[%clk 0:00:31]} Rxb4
{[%clk 0:01:08]} 54. Rh8 {[%clk 0:00:33]} Kf6 {[%clk 0:01:03]} 55. Rd8
{[%clk 0:00:38]} Kg7 {[%clk 0:00:58]} 56. Rxd5 {[%clk 0:00:33]} Kh6 1/2-1/2

[Event "euyr2018"]
[Site "?"]
[Date "2018.05.26"]
[Round "6.3"]
[White "Pribylova, Sofie"]
[Black "Jakab, Bela"]
[Result "1-0"]
[BlackElo "1850"]
[WhiteElo "1950"]
[LiveChessVersion "1.4.8"]

1. e4 {[%clk 0:20:18]} e6 {[%clk 0:20:19]} 2. d4 {[%clk 0:20:22]} d5
{[%clk 0:20:27]} 3. Nc3 {[%clk 0:20:29]} Bb4 {[%clk 0:20:36]} 4. e5
{[%clk 0:19:58]} c5 {[%clk 0:20:43]} 5. a3 {[%clk 0:19:35]} Bxc3+
{[%clk 0:20:50]} 6. bxc3 {[%clk 0:19:43]} Ne7 {[%clk 0:20:59]} 7. Bd3
{[%clk 0:19:04]} Nbc6 {[%clk 0:20:17]} 8. Qg4 {[%clk 0:18:01]} O-O
{[%clk 0:19:50]} 9. Nf3 {[%clk 0:17:21]} f5 {[%clk 0:19:45]} 10. exf6
{[%clk 0:16:33]} Rxf6 {[%clk 0:19:53]} 11. Bg5 {[%clk 0:13:20]} e5
{[%clk 0:19:52]} 12. Qh4 {[%clk 0:09:13]} e4 {[%clk 0:19:59]} 13. Bxf6
{[%clk 0:09:06]} gxf6 {[%clk 0:20:08]} 14. Qxf6 {[%clk 0:08:46]} exd3
{[%clk 0:19:42]} 15. cxd3 {[%clk 0:08:29]} cxd4 {[%clk 0:19:49]} 16. Nxd4
{[%clk 0:05:09]} Nxd4 {[%clk 0:19:51]} 17. Qxd4 {[%clk 0:04:30]} Nc6
{[%clk 0:19:37]} 18. Qe3 {[%clk 0:04:07]} Bf5 {[%clk 0:18:34]} 19. O-O
{[%clk 0:04:05]} Qf6 {[%clk 0:16:43]} 20. d4 {[%clk 0:02:38]} Kh8
{[%clk 0:15:50]} 21. Kh1 {[%clk 0:01:35]} Rg8 {[%clk 0:15:53]} 22. f3
{[%clk 0:01:19]} Qg6 {[%clk 0:15:50]} 23. Ra2 {[%clk 0:01:16]} Re8
{[%clk 0:15:33]} 24. Qf2 {[%clk 0:01:13]} Na5 {[%clk 0:14:54]} 25. Re2
{[%clk 0:00:49]} Nc4 {[%clk 0:14:10]} 26. Rfe1 {[%clk 0:00:50]} Rg8
{[%clk 0:11:46]} 27. Re7 {[%clk 0:00:35]} Nxa3 {[%clk 0:11:24]} 28. Rxb7
{[%clk 0:00:32]} a5 {[%clk 0:11:33]} 29. Ree7 {[%clk 0:00:15]} Qg5
{[%clk 0:11:23]} 30. Re1 {[%clk 0:00:14]} a4 {[%clk 0:10:59]} 31. Ra7
{[%clk 0:00:14]} Nc2 {[%clk 0:11:02]} 32. Re2 {[%clk 0:00:14]} Qc1+
{[%clk 0:10:01]} 33. Qg1 {[%clk 0:00:23]} Qa3 {[%clk 0:09:45]} 34. g4
{[%clk 0:00:22]} Qxc3 {[%clk 0:09:48]} 35. Qf2 {[%clk 0:00:15]} Nxd4
{[%clk 0:09:17]} 36. Re3 {[%clk 0:00:12]} Qc5 {[%clk 0:06:11]} 37. Rxa4
{[%clk 0:00:15]} Bc2 {[%clk 0:03:51]} 38. Ra1 {[%clk 0:00:15]} Nb3
{[%clk 0:03:40]} 39. Rae1 {[%clk 0:00:14]} Bg6 {[%clk 0:03:33]} 40. Qg3
{[%clk 0:00:16]} Nd4 {[%clk 0:01:03]} 41. Qe5+ {[%clk 0:00:25]} Rg7
{[%clk 0:01:12]} 42. Qb8+ {[%clk 0:00:25]} Rg8 {[%clk 0:01:22]} 43. Qe5+
{[%clk 0:00:28]} Rg7 {[%clk 0:01:31]} 44. Qb8+ {[%clk 0:00:13]} Rg8
{[%clk 0:01:39]} 45. Qe5+ {[%clk 0:00:19]} Rg7 {[%clk 0:01:48]} 46. Qf6
{[%clk 0:00:11]} Be4 {[%clk 0:01:00]} 47. fxe4 Nc2 {[%clk 0:00:00]} 1-0

[Event "euyr2018"]
[Site "?"]
[Date "2018.05.26"]
[Round "6.4"]
[White "Haase, Pavel"]
[Black "Verbovsky, Michal"]
[Result "1-0"]
[BlackElo "1729"]
[WhiteElo "1998"]
[LiveChessVersion "1.4.8"]

1. Nf3 {[%clk 0:20:18]} Nf6 {[%clk 0:19:50]} 2. d4 {[%clk 0:20:25]} e6
{[%clk 0:19:51]} 3. Bf4 {[%clk 0:20:31]} d5 {[%clk 0:19:53]} 4. e3
{[%clk 0:20:33]} Bd6 {[%clk 0:19:59]} 5. Ne5 {[%clk 0:20:38]} O-O
{[%clk 0:20:04]} 6. Bd3 {[%clk 0:20:45]} Nbd7 {[%clk 0:20:07]} 7. c3
{[%clk 0:20:22]} Ne4 {[%clk 0:20:06]} 8. O-O {[%clk 0:19:37]} f6 {[%clk 0:20:01]}
9. Nxd7 {[%clk 0:18:54]} Qxd7 {[%clk 0:19:56]} 10. Bxd6 {[%clk 0:18:50]} Qxd6
{[%clk 0:19:43]} 11. Bxe4 {[%clk 0:18:03]} dxe4 {[%clk 0:19:50]} 12. Nd2
{[%clk 0:18:10]} f5 {[%clk 0:18:38]} 13. Nc4 {[%clk 0:17:38]} Qc6
{[%clk 0:18:13]} 14. Ne5 {[%clk 0:17:38]} Qb5 {[%clk 0:18:19]} 15. Qb3
{[%clk 0:16:14]} Qxb3 {[%clk 0:16:27]} 16. axb3 {[%clk 0:16:22]} b6
{[%clk 0:16:32]} 17. Ra4 {[%clk 0:15:38]} Bb7 {[%clk 0:15:51]} 18. Rfa1
{[%clk 0:15:45]} a6 {[%clk 0:15:57]} 19. Rc4 {[%clk 0:15:05]} Rfc8
{[%clk 0:15:36]} 20. Rca4 {[%clk 0:14:22]} Rd8 {[%clk 0:14:53]} 21. Kf1
{[%clk 0:13:45]} Kf8 {[%clk 0:13:35]} 22. Ke2 {[%clk 0:13:31]} Ke7
{[%clk 0:13:42]} 23. b4 {[%clk 0:12:34]} b5 {[%clk 0:13:34]} 24. R4a3
{[%clk 0:11:57]} Rd6 {[%clk 0:13:02]} 25. Rb1 {[%clk 0:11:11]} g5
{[%clk 0:12:13]} 26. g3 {[%clk 0:11:20]} Rf8 {[%clk 0:12:07]} 27. b3
{[%clk 0:10:38]} Rf6 {[%clk 0:11:51]} 28. c4 {[%clk 0:09:39]} Rh6
{[%clk 0:11:14]} 29. cxb5 {[%clk 0:08:08]} Rxh2 {[%clk 0:10:26]} 30. Rc1
{[%clk 0:08:11]} Rb6 {[%clk 0:09:47]} 31. Rxc7+ {[%clk 0:07:59]} Kd8
{[%clk 0:09:32]} 32. Rxb7 {[%clk 0:07:44]} Rxb7 {[%clk 0:09:07]} 33. bxa6
{[%clk 0:07:52]} Rc7 {[%clk 0:09:09]} 34. a7 {[%clk 0:07:35]} Rc2+
{[%clk 0:08:33]} 35. Kd1 {[%clk 0:07:40]} Rhxf2 {[%clk 0:08:33]} 36. a8=Q+
{[%clk 0:07:42]} Rc8 {[%clk 0:08:40]} 37. Nf7+ {[%clk 0:07:39]} 1-0

[Event "euyr2018"]
[Site "?"]
[Date "2018.05.26"]
[Round "6.5"]
[White "Leszko, Bence"]
[Black "Nehyba, Martin"]
[Result "1-0"]
[BlackElo "1966"]
[WhiteElo "1701"]
[LiveChessVersion "1.4.8"]

1. e4 {[%clk 0:20:19]} c5 {[%clk 0:20:12]} 2. Nf3 {[%clk 0:20:27]} Nc6
{[%clk 0:20:20]} 3. Bb5 {[%clk 0:20:36]} e6 {[%clk 0:20:28]} 4. O-O
{[%clk 0:20:37]} a6 {[%clk 0:20:27]} 5. Bxc6 {[%clk 0:20:42]} bxc6
{[%clk 0:20:36]} 6. c4 {[%clk 0:20:14]} d5 {[%clk 0:20:34]} 7. exd5
{[%clk 0:20:12]} cxd5 {[%clk 0:20:40]} 8. cxd5 {[%clk 0:20:20]} exd5
{[%clk 0:20:40]} 9. Re1+ {[%clk 0:20:17]} Be7 {[%clk 0:20:41]} 10. d4
{[%clk 0:20:25]} c4 {[%clk 0:20:18]} 11. Ne5 {[%clk 0:20:16]} Bd7
{[%clk 0:19:29]} 12. Qh5 {[%clk 0:19:24]} Be6 {[%clk 0:18:40]} 13. Nc6
{[%clk 0:17:16]} Qd6 {[%clk 0:18:19]} 14. Nxe7 {[%clk 0:17:08]} Nxe7
{[%clk 0:18:27]} 15. Nc3 {[%clk 0:16:17]} O-O {[%clk 0:18:24]} 16. Qf3
{[%clk 0:15:18]} Nc6 {[%clk 0:16:24]} 17. Bf4 {[%clk 0:14:01]} Qd7
{[%clk 0:16:33]} 18. Be3 {[%clk 0:12:51]} Rab8 {[%clk 0:16:24]} 19. Na4
{[%clk 0:12:12]} Qe7 {[%clk 0:13:35]} 20. Rab1 {[%clk 0:10:05]} Qf6
{[%clk 0:08:40]} 21. Qxf6 {[%clk 0:09:05]} gxf6 {[%clk 0:08:49]} 22. Nc5
{[%clk 0:09:14]} Bf5 {[%clk 0:08:56]} 23. Rbc1 {[%clk 0:06:45]} Rxb2
{[%clk 0:09:01]} 24. Nxa6 {[%clk 0:06:49]} Rxa2 {[%clk 0:09:00]} 25. Nc7
{[%clk 0:06:40]} Ra5 {[%clk 0:07:54]} 26. Bd2 {[%clk 0:06:29]} Ra2
{[%clk 0:08:02]} 27. Bh6 {[%clk 0:06:37]} Rd8 {[%clk 0:08:10]} 28. Nxd5
{[%clk 0:06:43]} Bd3 {[%clk 0:05:02]} 29. Nxf6+ {[%clk 0:06:10]} Kh8
{[%clk 0:05:11]} 30. Nh5 {[%clk 0:03:50]} Kg8 {[%clk 0:03:56]} 31. Bg5
{[%clk 0:03:08]} Rc8 {[%clk 0:03:38]} 32. Bf6 {[%clk 0:02:27]} Ra5
{[%clk 0:03:12]} 33. Ng3 {[%clk 0:01:30]} Rd5 {[%clk 0:02:54]} 34. Re3
{[%clk 0:00:54]} Ra8 {[%clk 0:00:49]} 35. Rce1 {[%clk 0:00:41]} Rdd8
{[%clk 0:00:17]} 36. Bxd8 {[%clk 0:00:39]} Rxd8 {[%clk 0:00:26]} 37. d5
{[%clk 0:00:32]} Rxd5 {[%clk 0:00:27]} 38. Ne4 {[%clk 0:00:32]} Ra5
{[%clk 0:00:20]} 39. h3 {[%clk 0:00:31]} Kf8 {[%clk 0:00:13]} 40. Nf6
{[%clk 0:00:32]} Bg6 {[%clk 0:00:11]} 41. Nd7+ {[%clk 0:00:17]} Kg7
{[%clk 0:00:20]} 42. Nb6 {[%clk 0:00:26]} Rc5 {[%clk 0:00:21]} 43. Rc1
{[%clk 0:00:36]} Na5 {[%clk 0:00:15]} 44. Rec3 {[%clk 0:00:36]} Rc6
{[%clk 0:00:11]} 45. Nxc4 {[%clk 0:00:42]} Nxc4 {[%clk 0:00:19]} 46. Rxc4
{[%clk 0:00:51]} Rd6 {[%clk 0:00:28]} 47. R4c3 {[%clk 0:00:55]} Rd5
{[%clk 0:00:34]} 48. Rc5 {[%clk 0:00:57]} Rd2 {[%clk 0:00:42]} 49. h4
{[%clk 0:01:06]} h5 {[%clk 0:00:44]} 50. Re1 {[%clk 0:01:05]} Kf6
{[%clk 0:00:48]} 51. Re3 {[%clk 0:01:08]} Kg7 {[%clk 0:00:31]} 52. Rg3
{[%clk 0:00:59]} Kf6 {[%clk 0:00:38]} 53. Rf3+ {[%clk 0:01:07]} Kg7
{[%clk 0:00:47]} 54. Kh2 {[%clk 0:00:59]} Rd4 {[%clk 0:00:54]} 55. Kh3
{[%clk 0:00:48]} Rd1 {[%clk 0:00:39]} 56. Kg3 {[%clk 0:00:41]} Rd4
{[%clk 0:00:34]} 57. Rf4 {[%clk 0:00:37]} Rd3+ {[%clk 0:00:39]} 58. f3
{[%clk 0:00:46]} Rd2 {[%clk 0:00:47]} 59. Rfc4 {[%clk 0:00:48]} Kh6
{[%clk 0:00:52]} 60. Rc6 {[%clk 0:00:54]} Kg7 {[%clk 0:00:58]} 61. R4c5
{[%clk 0:00:53]} Rd1 {[%clk 0:00:51]} 62. Rc1 {[%clk 0:00:48]} Rd2
{[%clk 0:00:56]} 63. Re1 {[%clk 0:00:48]} Kf8 {[%clk 0:00:52]} 64. Rc5
{[%clk 0:00:48]} Kg7 {[%clk 0:00:32]} 65. Rce5 {[%clk 0:00:57]} Kf6
{[%clk 0:00:34]} 66. R5e2 {[%clk 0:01:06]} Rd3 {[%clk 0:00:44]} 67. Kf2
{[%clk 0:01:13]} Rd4 {[%clk 0:00:47]} 68. g3 {[%clk 0:01:19]} Rd3
{[%clk 0:00:51]} 69. Re3 {[%clk 0:01:22]} Rd2+ {[%clk 0:00:56]} 70. R1e2
{[%clk 0:01:31]} Rd1 {[%clk 0:01:03]} 71. Kg2 {[%clk 0:01:27]} Bd3
{[%clk 0:00:53]} 72. Rb2 {[%clk 0:01:28]} Bg6 {[%clk 0:00:55]} 73. g4
{[%clk 0:01:32]} Rd4 {[%clk 0:00:33]} 74. Kg3 {[%clk 0:01:15]} Rd1
{[%clk 0:00:14]} 75. Rc3 {[%clk 0:00:46]} hxg4 {[%clk 0:00:12]} 76. fxg4
{[%clk 0:00:51]} Rg1+ {[%clk 0:00:21]} 77. Rg2 {[%clk 0:00:59]} Re1
{[%clk 0:00:29]} 78. Rf2+ {[%clk 0:00:56]} Kg7 {[%clk 0:00:35]} 79. h5
{[%clk 0:00:52]} Be4 {[%clk 0:00:43]} 80. Kf4 {[%clk 0:00:47]} Bd5
{[%clk 0:00:49]} 81. Re3 {[%clk 0:00:52]} Rd1 {[%clk 0:00:49]} 82. g5
{[%clk 0:00:52]} Be6 {[%clk 0:00:47]} 83. Rh2 {[%clk 0:00:43]} Rd4+
{[%clk 0:00:40]} 84. Re4 {[%clk 0:00:31]} Rd5 {[%clk 0:00:49]} 85. Re5
{[%clk 0:00:15]} Rd4+ {[%clk 0:00:57]} 86. Ke3 {[%clk 0:00:23]} Rg4
{[%clk 0:01:02]} 87. Ra5 {[%clk 0:00:30]} Rg3+ {[%clk 0:00:56]} 88. Kf2
{[%clk 0:00:35]} Rc3 {[%clk 0:00:58]} 89. Re5 {[%clk 0:00:37]} Rc2+
{[%clk 0:01:01]} 90. Re2 {[%clk 0:00:40]} Rc5 {[%clk 0:01:09]} 91. h6+
{[%clk 0:00:30]} Kh7 {[%clk 0:01:16]} 92. g6+ {[%clk 0:00:36]} Kh8
{[%clk 0:00:59]} 93. g7+ {[%clk 0:00:16]} Kh7 {[%clk 0:01:08]} 94. Rg2
{[%clk 0:00:17]} Rc8 {[%clk 0:01:07]} 95. Ke3 {[%clk 0:00:19]} Rg8
{[%clk 0:01:04]} 96. Re1 {[%clk 0:00:21]} Bf5 {[%clk 0:00:22]} 97. Kf4
{[%clk 0:00:26]} Bg6 {[%clk 0:00:31]} 98. Kg5 {[%clk 0:00:33]} Rb8
{[%clk 0:00:35]} 99. Rge2 {[%clk 0:00:39]} f6+ {[%clk 0:00:13]} 100. Kxf6
{[%clk 0:00:45]} Kxh6 {[%clk 0:00:21]} 101. Rh1+ {[%clk 0:00:42]} Bh5
{[%clk 0:00:30]} 102. Rxh5+ {[%clk 0:00:43]} Kxh5 {[%clk 0:00:35]} 103. Kf7
{[%clk 0:00:53]} 1-0

[Event "euyr2018"]
[Site "?"]
[Date "2018.05.26"]
[Round "6.6"]
[White "Ferkova, Dominika"]
[Black "Cabala, Nathan"]
[Result "1-0"]
[BlackElo "1892"]
[WhiteElo "1759"]
[LiveChessVersion "1.4.8"]

1. d4 {[%clk 0:20:18]} d5 {[%clk 0:20:16]} 2. c4 {[%clk 0:20:27]} e6
{[%clk 0:20:25]} 3. Nc3 {[%clk 0:20:35]} Nf6 {[%clk 0:20:33]} 4. Nf3
{[%clk 0:20:43]} Nbd7 {[%clk 0:20:42]} 5. Bg5 {[%clk 0:20:51]} c6
{[%clk 0:20:50]} 6. e3 {[%clk 0:20:59]} Qa5 {[%clk 0:20:57]} 7. Nd2
{[%clk 0:21:08]} Bb4 {[%clk 0:21:02]} 8. Qc2 {[%clk 0:21:14]} Ne4
{[%clk 0:20:32]} 9. Ndxe4 {[%clk 0:21:01]} dxe4 {[%clk 0:20:39]} 10. Bf4
{[%clk 0:20:51]} Nf6 {[%clk 0:20:12]} 11. Be2 {[%clk 0:20:58]} O-O
{[%clk 0:18:44]} 12. O-O {[%clk 0:21:05]} Bxc3 {[%clk 0:18:47]} 13. bxc3
{[%clk 0:21:11]} b5 {[%clk 0:16:40]} 14. Be5 {[%clk 0:19:39]} bxc4
{[%clk 0:14:18]} 15. Bxf6 {[%clk 0:19:21]} gxf6 {[%clk 0:14:25]} 16. Qxe4
{[%clk 0:19:30]} Qd5 {[%clk 0:13:47]} 17. Qf4 {[%clk 0:18:24]} Bd7
{[%clk 0:11:31]} 18. Qxf6 {[%clk 0:18:11]} Rab8 {[%clk 0:08:59]} 19. f4
{[%clk 0:17:22]} Rb2 {[%clk 0:07:19]} 20. Rf3 {[%clk 0:17:21]} Rfb8
{[%clk 0:06:54]} 21. Rg3+ {[%clk 0:15:47]} Kf8 {[%clk 0:07:02]} 22. Rg7
{[%clk 0:15:54]} Rb1+ {[%clk 0:00:27]} 23. Rxb1 {[%clk 0:15:52]} Rxb1+
{[%clk 0:00:35]} 24. Kf2 {[%clk 0:15:59]} 1-0

[Event "euyr2018"]
[Site "?"]
[Date "2018.05.26"]
[Round "6.7"]
[White "Taragelova, Martina"]
[Black "Panko, Eduard"]
[Result "0-1"]
[BlackElo "1776"]
[WhiteElo "1615"]
[LiveChessVersion "1.4.8"]

1. e4 {[%clk 0:20:17]} e6 {[%clk 0:20:18]} 2. d4 {[%clk 0:20:23]} d5
{[%clk 0:20:26]} 3. Bd3 {[%clk 0:20:27]} c5 {[%clk 0:20:08]} 4. exd5
{[%clk 0:20:23]} exd5 {[%clk 0:20:14]} 5. Nf3 {[%clk 0:19:44]} c4
{[%clk 0:19:21]} 6. Be2 {[%clk 0:19:51]} Nc6 {[%clk 0:19:19]} 7. O-O
{[%clk 0:19:35]} Bd6 {[%clk 0:18:43]} 8. b3 {[%clk 0:18:04]} cxb3
{[%clk 0:17:24]} 9. axb3 {[%clk 0:18:06]} Nge7 {[%clk 0:16:34]} 10. c3
{[%clk 0:16:23]} O-O {[%clk 0:15:49]} 11. Na3 {[%clk 0:15:21]} a6
{[%clk 0:15:16]} 12. Nc2 {[%clk 0:15:02]} Ng6 {[%clk 0:14:32]} 13. Re1
{[%clk 0:13:14]} Bf5 {[%clk 0:12:10]} 14. Bd3 {[%clk 0:11:28]} Bxd3
{[%clk 0:11:29]} 15. Qxd3 {[%clk 0:11:35]} Rc8 {[%clk 0:11:29]} 16. Bd2
{[%clk 0:07:41]} Qd7 {[%clk 0:09:30]} 17. h3 {[%clk 0:05:25]} Nf4
{[%clk 0:07:58]} 18. Bxf4 {[%clk 0:04:01]} Bxf4 {[%clk 0:08:04]} 19. Ne3
{[%clk 0:03:57]} g6 {[%clk 0:03:35]} 20. Ng4 {[%clk 0:03:36]} f5 {[%clk 0:03:06]}
21. Nge5 {[%clk 0:02:39]} Qc7 {[%clk 0:01:16]} 22. Nxc6 {[%clk 0:00:17]} Qxc6
{[%clk 0:01:04]} 23. Re7 {[%clk 0:00:19]} b5 {[%clk 0:00:34]} 24. Ra7
{[%clk 0:00:14]} Qxc3 {[%clk 0:00:29]} 25. Qxc3 {[%clk 0:00:13]} Rxc3
{[%clk 0:00:38]} 26. R7xa6 {[%clk 0:00:17]} Rxb3 {[%clk 0:00:47]} 27. Rb6
{[%clk 0:00:16]} Rc8 28. Ne1 {[%clk 0:00:13]} Rc1 {[%clk 0:00:15]} 29. Rxc1
{[%clk 0:00:15]} Bxc1 {[%clk 0:00:24]} 30. g3 {[%clk 0:00:15]} Bd2
{[%clk 0:00:24]} 31. Nc2 {[%clk 0:00:17]} Rb2 {[%clk 0:00:21]} 32. Na3
{[%clk 0:00:14]} b4 {[%clk 0:00:28]} 33. Nb5 {[%clk 0:00:20]} Be1
{[%clk 0:00:29]} 34. Nd6 {[%clk 0:00:14]} Bxf2+ {[%clk 0:00:32]} 35. Kf1
{[%clk 0:00:21]} Bxd4 {[%clk 0:00:37]} 36. Rb8+ {[%clk 0:00:27]} Kg7
{[%clk 0:00:38]} 37. Rb7+ {[%clk 0:00:25]} Kh6 {[%clk 0:00:30]} 38. Nf7+
{[%clk 0:00:26]} Kh5 {[%clk 0:00:32]} 39. Nd6 {[%clk 0:00:21]} h6
{[%clk 0:00:28]} 40. Nb5 {[%clk 0:00:15]} Be5 {[%clk 0:00:22]} 41. Rd7
{[%clk 0:00:13]} Bxg3 {[%clk 0:00:15]} 42. Rxd5 {[%clk 0:00:17]} Bf4
{[%clk 0:00:13]} 43. Rd4 {[%clk 0:00:15]} Be5 {[%clk 0:00:21]} 44. Rd5
{[%clk 0:00:22]} Bc3 {[%clk 0:00:28]} 45. Rd3 {[%clk 0:00:19]} Rd2
{[%clk 0:00:21]} 46. Rf3 {[%clk 0:00:26]} Kg5 {[%clk 0:00:14]} 47. Nxc3
{[%clk 0:00:15]} bxc3 {[%clk 0:00:23]} 48. Rxc3 {[%clk 0:00:24]} f4
{[%clk 0:00:22]} 49. Ke1 {[%clk 0:00:28]} Rh2 {[%clk 0:00:27]} 50. Kf1
{[%clk 0:00:36]} Kh4 {[%clk 0:00:33]} 51. Rf3 {[%clk 0:00:41]} g5
{[%clk 0:00:39]} 52. Kg1 {[%clk 0:00:26]} Rxh3 {[%clk 0:00:47]} 53. Rf2
{[%clk 0:00:32]} Rg3+ {[%clk 0:00:53]} 54. Kh1 {[%clk 0:00:29]} Rh3+
{[%clk 0:00:45]} 55. Kg1 {[%clk 0:00:32]} h5 {[%clk 0:00:51]} 56. Kg2
{[%clk 0:00:37]} Rg3+ {[%clk 0:00:58]} 57. Kh1 {[%clk 0:00:44]} Kg4
{[%clk 0:01:01]} 58. Kh2 {[%clk 0:00:47]} h4 {[%clk 0:01:07]} 59. Kh1
{[%clk 0:00:52]} h3 {[%clk 0:01:04]} 60. Rf1 {[%clk 0:00:51]} Kh4
{[%clk 0:01:01]} 61. Rf2 {[%clk 0:00:56]} Rg2 {[%clk 0:01:06]} 62. Rxf4+
{[%clk 0:00:59]} g4 {[%clk 0:00:36]} 63. Rf8 {[%clk 0:00:45]} Ra2
{[%clk 0:00:41]} 64. Rh8+ {[%clk 0:00:45]} Kg3 {[%clk 0:00:49]} 0-1